000 00868cam a2200217 4500
001 WB3817-03
008 020508n2002 000 0 eng u
035 _a(Sirsi) u117871
245 _aPFI boosts construction sector
260 _c2002
490 _aCIPS News Release
_v 1 May 2002, (3)
520 _aThe Chartered Institute of Purchasing and Supply (CIPS) construction purchasing managers' index showed that construction sector activity had risen to its highest level for nine years in April, helped there by PFI contracts. Housing construction had been boosted by low interest rates. http://www.cips.org/news/reports.asp
590 _aWB
650 _aCONSTRUCTION SECTOR
650 _aPFI CONTRACTS
650 _aHOUSE BUILDING
650 _aECONOMIC GROWTH
650 _aCIPS PURCHASING MANAGERS' INDEX
690 _aBUILT ENVIRONMENT
942 _n0
999 _c70194
_d70194